| Tag |
First Indicator |
Second Indicator |
Subfields |
| LEADER |
00000cam a2200000Ii 4500 |
| 001 |
in00003736708 |
| 005 |
20170926152708.0 |
| 008 |
900822s19uu ag 000 p spa d |
| 035 |
|
|
|a (OCoLC)ocm23062890
|
| 035 |
|
|
|a (OCoLC)23062890
|
| 040 |
|
|
|a NAM
|b eng
|c NAM
|d OCL
|d OCLCQ
|d OCLCG
|d OCLCQ
|d OCLCF
|d OCLCO
|d OCLCQ
|d TXA
|d UtOrBLW
|
| 043 |
|
|
|a s-ag---
|
| 049 |
|
|
|a TXAM
|
| 050 |
|
4 |
|a PQ7797.C26
|b F3 1900zb
|
| 100 |
1 |
|
|a Campo, Estanislao del,
|d 1834-1880.
|0 http://id.loc.gov/authorities/names/n82056846
|
| 245 |
1 |
0 |
|a Fausto :
|b (impresiones del gaucho Anastasio El Pollo en la representación de esta ópera). El Borracho (poema) / Joaquin Castellanos.
|
| 264 |
|
1 |
|a Buenos Aires :
|b Prensa Popular,
|c [19--?]
|
| 264 |
|
2 |
|a Buenos Aires :
|b Editorial Claridad,
|c [19--?]
|
| 300 |
|
|
|a 80 pages ;
|c 18 cm
|
| 336 |
|
|
|a text
|b txt
|2 rdacontent
|
| 337 |
|
|
|a unmediated
|b n
|2 rdamedia
|
| 338 |
|
|
|a volume
|b nc
|2 rdacarrier
|
| 500 |
|
|
|a Cover title.
|
| 500 |
|
|
|a Three titles under one cover, with continuous pagination. "El Borracho" has separate title page.
|
| 500 |
|
|
|a Both title pages have device "Prensa Popular, Biblioteca Martin Fierro".
|
| 500 |
|
|
|a "Concesión para la venta: Editorial Claridad, C. de Correo 736 Buenos Aires" (with device)--Back cover.
|
| 501 |
|
|
|a With: Ño Ciriaco (dialogo gauchesco) / Juan Pedro Lopez (pages [75]-80).
|
| 600 |
1 |
0 |
|a Gounod, Charles,
|d 1818-1893.
|t Faust.
|0 http://id.loc.gov/authorities/names/n84043347
|
| 600 |
1 |
0 |
|a Goethe, Johann Wolfgang von,
|d 1749-1832.
|t Faust.
|0 http://id.loc.gov/authorities/names/n82089580
|
| 650 |
|
0 |
|a Gauchos
|z Argentina
|v Poetry.
|
| 650 |
|
0 |
|a Verse satire, Argentine.
|0 http://id.loc.gov/authorities/subjects/sh2007006296
|
| 630 |
0 |
7 |
|a Faust (Goethe, Johann Wolfgang von)
|2 fast
|0 (OCoLC)fst01356033
|
| 700 |
1 |
2 |
|a Castellanos, Joaquín,
|d 1861-1932.
|t Borracho.
|
| 700 |
1 |
|
|a López, Juan Pedro,
|d 1885-1945.
|0 http://id.loc.gov/authorities/names/no2011013045
|
| 710 |
2 |
|
|a Editorial Claridad,
|e issuing body.
|0 http://id.loc.gov/authorities/names/n81017428
|
| 740 |
0 |
2 |
|a Borracho.
|
| 740 |
0 |
2 |
|a Ño Ciriaco.
|
| 948 |
|
|
|a cataloged
|b h
|c 2017/2/6
|d enhance
|e fpiscitelli
|f 4:15:32 pm
|
| 994 |
|
|
|a C0
|b TXA
|
| 999 |
f |
f |
|s 814c5e95-1fcc-3d3c-8607-dc5845525a7e
|i 12eb582f-ee98-333d-8aae-d4fad3a585e8
|t 0
|
| 952 |
f |
f |
|p noncirc
|a Texas A&M University
|b College Station
|c Cushing Memorial Library & Archives
|d Cushing: Dykes (Does not check out)
|t 0
|e PQ7797.C26 F3 1900zb
|h Library of Congress classification
|i unmediated -- volume
|m A14851758228
|
| 998 |
f |
f |
|a PQ7797.C26 F3 1900zb
|t 0
|l Cushing: Dykes (Does not check out)
|